000 00558cam a2200193 04500
001 45726
090 _a45726
100 _a19950922d1965 m y0pory5003 ba
101 1 _apor
102 _aPT
200 1 _aSnobíssimo ou o desejo de parecer
_fPierre Daninos
_gtrad. de João Belchior Viegas
210 9 _aLisboa
_cBertrand,
_d[D.L. 1965]
215 _a254, [2] p.
_d19 cm
225 2 _aHumoristas universais
675 _a821.133.1-9
700 1 _aDaninos,
_bPierre,
_f1913-2005
702 1 _aViegas,
_bJoão Belchior,
_f1926-2004
_4730
801 0 _aPT
_bBN
_gRPC
990 _cLIVROS